000 00686nam a2200217 a 4500
999 _c11799
_d11799
003 BD-JhCC
005 20201102112851.0
008 201102b19962019bg |||| |||a 000 0 ben d
020 _a984702770042
035 _a(BD-JhCC)
040 _aBD-JhCC
_dBD-JhCC
041 _aben
082 _a891.443
_bIQB 2019
100 _aইকবাল, মুহম্মদ জাফর
245 _aআকাশ বাড়িয়ে দাও /
_cমুহম্মদ জাফর ইকবাল ।
260 _aঢাকা:
_bজ্ঞানকোষ প্রকাশনী;
_c২০১৯.
300 _a72 p. :
_c20 cm
650 _aNovel
942 _2ddc
_cBK